[Event "FIDE World Uni Blitz-D 1st"]
[Site "Tornelo INT"]
[Date "2021.03.13"]
[Round "3.39"]
[White "Lugo Aldana, David Eugenio"]
[Black "Frenkel, Benjamin"]
[Result "0-1"]
[WhiteElo "1490"]
[BlackElo "2129"]
[PlyCount "58"]
[EventDate "2021.03.13"]
[EventType "swiss (blitz)"]
[EventRounds "10"]
[EventCountry "NET"]
[SourceTitle "EXT 2022"]
[Source "ChessBase"]
[SourceDate "2021.10.06"]
[SourceVersion "1"]
[SourceVersionDate "2021.10.06"]
[SourceQuality "1"]

1. e4 c5 2. Nc3 d6 3. g3 g6 4. d3 Bg7 5. Bg2 Nc6 6. f4 e6 7. Nf3 Nge7 8. h3 0-0 9. 0-0 b6 10. Ne2 Ba6 11. c3 Rc8 12. Be3 d5 13. exd5 exd5 14. d4 Nf5 15. Bf2 Bxe2 16. Qxe2 cxd4 17. cxd4 Nfxd4 18. Nxd4 Nxd4 19. Qd2 Rc2 20. Qd3 Ne2+ 21. Kh2 Rxb2 22. Rfe1 Nxf4 23. Qe3 Nxg2 24. Kxg2 d4 25. Qd3 Qd5+ 26. Kg1 Rc8 27. Rac1 Rxc1 28. Rxc1 h5 29. Be1 Qg2# 0-1

[Event "Pan American Intercollegiate-chT"]
[Site "Chess.com INT"]
[Date "2021.01.04"]
[Round "2"]
[White "Antipov, Mikhail Al"]
[Black "Frenkel, Benjamin"]
[Result "1-0"]
[WhiteElo "2609"]
[BlackElo "2129"]
[PlyCount "59"]
[EventDate "2021.01.04"]
[EventType "team-swiss (rapid)"]
[EventRounds "9"]
[EventCountry "USA"]
[SourceTitle "CBM 200 Extra"]
[Source "ChessBase"]
[SourceDate "2021.03.31"]
[SourceVersion "1"]
[SourceVersionDate "2021.03.31"]
[SourceQuality "1"]
[WhiteTeam "Missouri Univ"]
[BlackTeam "Texas Dallas Univ IV"]
[WhiteTeamCountry "USA"]
[BlackTeamCountry "USA"]

1. e4 c5 2. Nf3 d6 3. d4 cxd4 4. Nxd4 Nf6 5. Nc3 a6 6. h3 e6 7. g4 Be7 8. g5 Nfd7 9. h4 Nc6 10. Be3 0-0 11. a3 Qc7 12. f4 Nxd4 13. Qxd4 e5 14. Qd3 exf4 15. Nd5 Qd8 16. Bxf4 Ne5 17. Bxe5 dxe5 18. 0-0-0 Be6 19. Bh3 Bxd5 20. exd5 Bd6 21. Kb1 Qe7 22. Bf5 g6 23. Be4 b5 24. h5 Kg7 25. hxg6 hxg6 26. Rh7+ Kxh7 27. Qh3+ Kg8 28. Rh1 f5 29. gxf6 Qc7 30. Bxg6 1-0

[Event "Philadelphia op 11th"]
[Site "Philadelphia"]
[Date "2017.04.15"]
[Round "7"]
[White "Lederer, Yoav"]
[Black "Frenkel, Benjamin"]
[Result "1-0"]
[WhiteElo "2317"]
[BlackElo "1899"]
[PlyCount "57"]
[EventDate "2017.04.12"]
[EventType "swiss"]
[EventRounds "9"]
[EventCountry "USA"]
[SourceTitle "EXT 2019"]
[Source "ChessBase"]
[SourceDate "2018.10.10"]
[SourceVersion "1"]
[SourceVersionDate "2018.10.10"]
[SourceQuality "1"]

1. Nf3 c5 2. c4 Nc6 3. d4 cxd4 4. Nxd4 Nf6 5. Nc3 e6 6. g3 Qb6 7. Ndb5 Ne5 8. Bg2 a6 9. Na4 Qa5+ 10. Nbc3 Nxc4 11. 0-0 d5 12. b3 Ne5 13. e4 Bb4 14. Bb2 0-0 15. a3 Be7 16. exd5 exd5 17. b4 Qd8 18. Nxd5 Nxd5 19. Bxd5 Bf6 20. Qb3 Rb8 21. Rad1 Qd7 22. Nb6 Qh3 23. Bxe5 Bxe5 24. Bxf7+ Kh8 25. Nxc8 Rbxc8 26. Be6 Qh5 27. Bxc8 Rxc8 28. Qd5 Re8 29. f4 1-0